000 01120nam a2200361 a 4500
003 AR-BaBNM
005 20251128210112.0
008 082120s2002 ||||||||||||||000 | spa||
020 _a84-87767-47-8
040 _cAR-BaBNM
245 0 0 _aPrograma de educación en valores para la etapa infantil
260 _aMálaga
_bEdiciones aljibe
_c1995
300 _a213 p.
490 0 _aBiblioteca de educación
650 4 _aEDUCACION MORAL
650 4 _aPROGRAMAS DE EDUCACION
650 4 _aEDUCACION DEL NIÑO
650 4 _aEDUCACION AMBIENTAL
650 4 _aEDUCACION DEL CONSUMIDOR
650 4 _aMETODOS DE ENSEÑANZA
650 4 _aACTIVIDADES DE APRENDIZAJE
650 4 _aAMBIENTE EDUCACIONAL
653 _aEDUCACION INICIAL
653 _aEDUCACION PARA LA SALUD
700 1 _aDel Carmen Martín, Marisa
_ecoordinador
700 1 _aAguilar Rayo, Antonia
700 1 _aGonzález de Mendiagucha Barrera, Purificación
700 1 _aGonzález Montesinos, María José
700 1 _aInfantes García, María del Rosario
700 1 _aRodríguez Lafont, Isabel
942 _cBK
998 _cRaquel
999 _c14048
_d14048